| 000 | 00404nam a22001457a 4500 | ||
|---|---|---|---|
| 008 | 220221b |||||||| |||| 00| 0 eng d | ||
| 020 | _a1473704800 | ||
| 050 |
_aHD30.23 _b.K45 2015 |
||
| 100 | _aKeller, Gerald | ||
| 245 |
_aManagerial Statistics _cGerald Keller |
||
| 260 |
_aAustralia _bCengage learning _c2015 |
||
| 300 | _axii, 706p. | ||
| 650 |
_aManagement _vstatistical methods |
||
| 942 |
_2lcc _cBK |
||
| 999 |
_c19227 _d19226 |
||